Antología : textos literarios y no literarios /

Guardado en:
Autor Principal: Bavio, Carmen
Otros Autores: Chozas, María Silvia, Falbo, Silvia María
Formato: Libro
Publicado: Buenos Aires : kapelusz, 2002
Series:Puntos suspensivos
Materias:
Etiquetas: Agregar Etiqueta
Sin Etiquetas, Sea el primero en etiquetar este registro!
LEADER 01525nam a22002535a 4500
001 CEM.cems010882
005 20080311091348.0
008 130507s2002##################000#0#####d
003 CEMS
082 0 4 |a 468 
100 1 |a Bavio, Carmen 
245 1 0 |a Antología :  |b textos literarios y no literarios /  |c Carmen Bavio, María Silvia Chozas, Silvia María Falbo 
260 |a Buenos Aires :  |b kapelusz,  |c 2002 
300 |a 56 p. 
490 0 |a Puntos suspensivos 
500 |a Esta obra esta fragmentos de textos literarios y no literarios y acompaña la edición de Lengua 8 
505 0 |a Un estilo de vida / Fernando Sorrentino -- Luz de provincia / Carlos Mastronardi -- Lobizones / Justo P. Sáenz -- El canto del grillo / Juan Ramón Jiménez -- Conmemoraron la hazaña de San Martín / Lautaro Spotorno (Diario La Nación, 2001) -- La caricia perdida / Alfonsina Storni -- Secretos de familia / Graciela Cabal -- Ha muerto del senador Martín Fierro / Armando Alonso Piñeiro -- Quebracho / Luis Landriscina -- Ciberia / Ariel Díaz -- Marinero en tierra / Rafael Alberti -- Hasta siempre, señor árbitro / Roberto Fontanarrosa -- La pizza / Víctor Ego Ducrot -- Anne, la de Tejados Verdes / Louisa Maud Montgomery -- El refranero / Nalé Roxlo 
653 |a Textos literarios 
653 |a Textos no literarios 
653 |a Antología 
653 |a Lengua-3er. ciclo egb 
700 1 |a Chozas, María Silvia 
700 1 |a Falbo, Silvia María 
859 |a CEMS  |b BIB. CEMS - 11 de abril  |h 468  |i B238-1  |p 21599.02  |t Ej.1  |v 8º  |3 8º